Normal view
MARC view
- Postmodernismo
Entry Materia
001 - NÚMERO DE CONTROL DEL REGISTRO
- campo de control: 15598
003 - IDENTIFICADOR DE NUMERO DE CONTROL
- campo de control: UPN
005 - FECHA Y HORA DE LA ÚLTIMA TRANSACCIÓN
- campo de control: 20230213183506.0
008 - DATOS DE LONGITUD FIJA
- campo de control de longitud fija: 230213nn fnannbabn n ana |d
035 ## - NÚMERO DE CONTROL DEL SISTEMA
- Número de control del sistema: UPN10000015606
040 ## - FUENTE DE LA CATALOGACIÓN
- Lengua de catalogación: spa
- Agencia de transcripción: MX-MxUPN
- Centro catalogador de origen: MX-MxUPN
046 ## - FECHAS CON CODIFICACIÓN ESPECIAL
- Fecha final para contenidos agregados: 2023
150 ## - ENCABEZAMIENTO - TEMÁTICO
- Término de materia o nombre geográfico como elemento inicial: Postmodernismo
- Subdivisión de materia general: Aspectos sociales
670 ## - FUENTE EN LA QUE SE LOCALIZARON DATOS
- Cita de la fuente: LC Authorities, 13 febrero 2023:
- Información localizada: (Postmodernism - Social aspects)
- Identificador Uniforme del Recurso: https://lccn.loc.gov/sh2008109896
902 ## - CATALOGADOR
- Catalogador: BDV/190903
902 ## - CATALOGADOR
- Catalogador: VíctorGodínez/130223
